书目信息 |
| 书名: | Childhood speech, language, and listening problems | |
| 作者: | Patricia McAleer Hamaguchi | |
| 分册号: | ||
| 分册名: | 出版地: | New York |
|
| 出版社: | J. Wiley | |
| 出版时间: | 2001 | |
| 页数: | 218P | |
| 开本: | 23CM | |
| 丛书名: | ||
| 中图分类号: | ||
| 科图分类号: | ||
| 其他分类号: | R764.43 | |
| 主题词: | ||
| 电子资源: | ||
| 000 | 00447nam0 2200133 450 | |
| 001 | 202012003364 | |
| 005 | 20121204162322.0 | |
| 008 | 12120401s | |
| 020 | @a9780471387534@c$16.95 | |
| 099 | @dR764.43@eP3141 | |
| 245 | @aChildhood speech, language, and listening problems@b what every parent should know @c Patricia McAleer Hamaguchi | |
| 260 | 0 | @aNew York@b J. Wiley@c2001 |
| 300 | @a218P@c23CM | |
| 905 | @aTSG@b14786-7@dR764.43@eP3141 | |
| Childhood speech, language, and listening problems : what every parent should know / Patricia McAleer Hamaguchi.-New York : J. Wiley , 2001 |
| 218P ; 23CM |
| ISBN 9780471387534$16.95 |
| ● |
| 相关链接 |
|
|
|
正题名:Childhood speech, language, and listenin
索取号:R764.43/P3141
 
预约/预借
| 序号 | 登录号 | 条形码 | 馆藏地/架位号 | 状态 | 备注 |
| 1 | 14786 | 300147865 | 自科库401/401自科库 21排4列5层/ [索取号:R764.43/P3141] | 在馆 | |
| 2 | 14787 | 300147874 | 自科库401/401自科库 21排4列5层/ [索取号:R764.43/P3141] | 在馆 |